| 000 | 00482nam a22001697a 4500 | ||
|---|---|---|---|
| 003 | BD-ChCU | ||
| 005 | 20260208125828.0 | ||
| 008 | 260208b bg ||||| |||| 00| 0 ben d | ||
| 040 | _cBD-ChCU | ||
| 082 | _a330.1 TAS | ||
| 100 |
_aTaussig , Frank William . _920178 |
||
| 245 |
_aSome aspects of the tariff question ./ _cFrank William , Taussig |
||
| 260 |
_aCambridge : _bH.U.P. _cC 1915 |
||
| 300 | _ax , 374p | ||
| 650 | 0 |
_aEconomics , Theory of . _920179 |
|
| 942 |
_2ddc _cBK _n0 |
||
| 999 |
_c111526 _d111526 |
||